Shaikh-ul-Hind Maulana Mahmud Hasan and Indian freedom movement / (Record no. 16729)
[ view plain ]
| 000 -LEADER | |
|---|---|
| fixed length control field | 03574nam a2200457 a 4500 |
| 005 - DATE AND TIME OF LATEST TRANSACTION | |
| control field | 20080717065509.0 |
| 008 - FIXED-LENGTH DATA ELEMENTS--GENERAL INFORMATION | |
| fixed length control field | 071030s2008 ii b 001 0 eng |
| 010 ## - LCCN (DPL NO) | |
| LC control number | ENG-91341 |
| 020 ## - INTERNATIONAL STANDARD BOOK NUMBER | |
| International Standard Book Number | 8178271966 |
| Terms of availability | 450.00 |
| 035 ## - SYSTEM CONTROL NUMBER | |
| System control number | EN-74874 |
| 035 ## - SYSTEM CONTROL NUMBER | |
| System control number | B-360061-071 |
| 037 ## - SOURCE OF ACQUISITION | |
| Source of stock number/acquisition | DBAD / PUB |
| 037 ## - SOURCE OF ACQUISITION | |
| Source of stock number/acquisition | Manak Publications |
| 040 ## - CATALOGING SOURCE | |
| Original cataloging agency | dpl |
| Language of cataloging | English |
| 082 ## - DEWEY DECIMAL CLASSIFICATION NUMBER | |
| Classification number | 921 |
| 100 ## - MAIN ENTRY--PERSONAL NAME | |
| Personal name | Rafiya Nisar, |
| 245 ## - TITLE STATEMENT | |
| Title | Shaikh-ul-Hind Maulana Mahmud Hasan and Indian freedom movement / |
| Statement of responsibility, etc | by Rafiya Nisar. |
| 260 ## - PUBLICATION, DISTRIBUTION, ETC. (IMPRINT) | |
| Place of publication, distribution, etc | New Delhi : |
| Name of publisher, distributor, etc | Manak Publications |
| Date of publication, distribution, etc | 2008. |
| 270 ## - ADDRESS | |
| Address | B-7, Saraswati Complex, Subhash Chowk, Laxmi Nagar, |
| City | New Delhi |
| Postal code | 110092 |
| 300 ## - PHYSICAL DESCRIPTION | |
| Extent | xxiv, 152 p. |
| Dimensions | 23 cm (Hb) |
| 500 ## - GENERAL NOTE | |
| General note | Includes bibliographical references and index. |
| 520 ## - SUMMARY, ETC. | |
| Summary, etc | Biography of Maḥmūdulḥasan, 1851-1920, freedom fighter and Islamic scholar. |
| 600 ## - SUBJECT ADDED ENTRY--PERSONAL NAME | |
| Personal name | Maḥmūdulḥasan, |
| Dates associated with a name | 1851-1920. |
| 650 ## - SUBJECT ADDED ENTRY--TOPICAL TERM | |
| Topical term or geographic name as entry element | Nationalists |
| Geographic subdivision | India |
| Form subdivision | Biography. |
| 650 ## - SUBJECT ADDED ENTRY--TOPICAL TERM | |
| Topical term or geographic name as entry element | Scholars, Muslim |
| Geographic subdivision | India |
| Form subdivision | Biography. |
| 651 ## - SUBJECT ADDED ENTRY--GEOGRAPHIC NAME | |
| Geographic name | India |
| General subdivision | Politics and government |
| Chronological subdivision | 1857-1919. |
| 942 ## - ADDED ENTRY ELEMENTS (KOHA) | |
| Source of classification or shelving scheme | Dewey Decimal Classification |
| Item type | English Books |
| Call number suffix | RAF |
| Classification part | 921 |
| Withdrawn status | Lost status | Source of classification or shelving scheme | Damaged status | Not for loan | Collection code | Home library | Current library | Date acquired | Source of acquisition | Cost, normal purchase price | Total Checkouts | Full call number | Barcode | Date last seen | Copy number | Cost, replacement price | Koha item type | Total Renewals |
|---|---|---|---|---|---|---|---|---|---|---|---|---|---|---|---|---|---|---|
| Dewey Decimal Classification | Non-fiction | Andrews Gunj | Andrews Gunj | 04/02/2010 | Manak Pub./ 459/2009-10/23.10.09/120/16.10.09/24.10.09 | 450.00 | 921 RAF | B-360066 | 04/02/2010 | 1 | 450.00 | English Books | ||||||
| Dewey Decimal Classification | Non-fiction | Central Library | Central Library | 04/02/2010 | Manak Pub./ 459/2009-10/23.10.09/120/16.10.09/24.10.09 | 450.00 | 921 RAF | B-360061 | 04/02/2010 | 1 | 450.00 | English Books | ||||||
| Dewey Decimal Classification | Not For Loan | Non-fiction | D.B.Act.Division | D.B.Act.Division | 15/10/2008 | DBAD / PUB | 450.00 | 921 RAF | EN-74874 | 15/10/2008 | 1 | 450.00 | English Books | |||||
| Dewey Decimal Classification | Non-fiction | Janak Puri | Janak Puri | 04/02/2010 | Manak Pub./ 459/2009-10/23.10.09/120/16.10.09/24.10.09 | 450.00 | 6 | 921 RAF | B-360063 | 09/01/2017 | 1 | 450.00 | English Books | |||||
| Dewey Decimal Classification | Non-fiction | Karol Bagh | Karol Bagh | 04/02/2010 | Manak Pub./ 459/2009-10/23.10.09/120/16.10.09/24.10.09 | 450.00 | 921 RAF | B-360069 | 04/02/2010 | 1 | 450.00 | English Books | ||||||
| Dewey Decimal Classification | Non-fiction | Patel Nagar | Patel Nagar | 04/02/2010 | Manak Pub./ 459/2009-10/23.10.09/120/16.10.09/24.10.09 | 450.00 | 1 | 921 RAF | B-360062 | 05/08/2019 | 1 | 450.00 | English Books | 1 | ||||
| Dewey Decimal Classification | Non-fiction | R.K.Puram-8 | R.K.Puram-8 | 04/02/2010 | Manak Pub./ 459/2009-10/23.10.09/120/16.10.09/24.10.09 | 450.00 | 921 RAF | B-360065 | 04/02/2010 | 1 | 450.00 | English Books | ||||||
| Dewey Decimal Classification | Non-fiction | Sarojini Nagar | Sarojini Nagar | 04/02/2010 | Manak Pub./ 459/2009-10/23.10.09/120/16.10.09/24.10.09 | 450.00 | 921 RAF | B-360064 | 04/02/2010 | 1 | 450.00 | English Books | ||||||
| Dewey Decimal Classification | Non-fiction | Shahdara Branch | Shahdara Branch | 04/02/2010 | Manak Pub./ 459/2009-10/23.10.09/120/16.10.09/24.10.09 | 450.00 | 921 RAF | B-360070 | 04/02/2010 | 1 | 450.00 | English Books | ||||||
| Dewey Decimal Classification | Non-fiction | Sriniwas Puri | Sriniwas Puri | 04/02/2010 | Manak Pub./ 459/2009-10/23.10.09/120/16.10.09/24.10.09 | 450.00 | 921 RAF | B-360067 | 04/02/2010 | 1 | 450.00 | English Books | ||||||
| Dewey Decimal Classification | Non-fiction | Vinoba Puri | Vinoba Puri | 04/02/2010 | Manak Pub./ 459/2009-10/23.10.09/120/16.10.09/24.10.09 | 450.00 | 1 | 921 RAF | B-360068 | 04/03/2011 | 1 | 450.00 | English Books | |||||
| Dewey Decimal Classification | Non-fiction | Yojana Vihar | Yojana Vihar | 04/02/2010 | Manak Pub./ 459/2009-10/23.10.09/120/16.10.09/24.10.09 | 450.00 | 921 RAF | B-360071 | 04/02/2010 | 1 | 450.00 | English Books |
